Useful Game Theory: Fundamentals of Decision Making
I tiakina i:
| Kaituhi matua: | |
|---|---|
| Hōputu: | Pukapuka |
| I whakaputaina: |
Palgrave
|
| Ngā Tūtohu: |
Kāore He Tūtohu, Me noho koe te mea tuatahi ki te tūtohu i tēnei pūkete!
|
MARC
| LEADER | 00000nam a2200000Ia 4500 | ||
|---|---|---|---|
| 005 | 20260513122054.0 | ||
| 020 | |a 9783031751530 | ||
| 100 | |a Jay Prag | ||
| 365 | |c € | ||
| 365 | |b 28.00 | ||
| 942 | |c BK | ||
| 245 | |a Useful Game Theory: Fundamentals of Decision Making | ||
| 260 | |b Palgrave | ||
| 999 | |c 109 |d 109 | ||
| 952 | |0 0 |1 0 |4 0 |7 0 |a UNSW |b UNSW |d 2026-05-06 |g 34.99 |i 16686 |l 0 |p 000081 |r 2026-05-13 12:20:54 |v 34.99 |w 2026-05-13 |y BK | ||